书目信息 |
| 题名: |
大学英语四级考试90分突破
|
|
| 作者: | 王长喜 主编 ;全国大学英语四级考试命题研究组 主编 | |
| 分册: | 词汇必备 | |
| 出版信息: | 北京 学苑出版社 2001 |
|
| 页数: | 606页 | |
| 开本: | 20cm | |
| 丛书名: | 王长喜教育考试图书系列 | |
| 单 册: | ||
| 中图分类: | H310.42 , H313.1 | |
| 科图分类: | ||
| 主题词: | 英语--高等学校--教学参考资料 , 英语--词汇--高等学校--教学参考资料 , 英语 , 词汇 | |
| 电子资源: | ||
| ISBN: | 7-80060-306-7 | |
| 000 | 01219oam2 2200337 450 | |
| 001 | 1232148583 | |
| 005 | 20121013085625.25 | |
| 010 | @a7-80060-306-7@dCNY22.00 | |
| 100 | @a20020305d2001 em y0chiy0110 ea | |
| 101 | 0 | @achi@aeng |
| 102 | @aCN@b110000 | |
| 105 | @ay zq 000yy | |
| 200 | 1 | @a大学英语四级考试90分突破@Ada xue ying yu si ji kao shi 90 fen tu po@i词汇必备@f王长喜主编@g全国大学英语四级考试命题研究组主编 |
| 205 | @a3版 | |
| 210 | @a北京@c学苑出版社@d2001 | |
| 215 | @a606页@d20cm | |
| 225 | 2 | @a王长喜教育考试图书系列 |
| 300 | @a王长喜网络教学讲授课本 | |
| 330 | @a本书囊括所有四级考试词汇的内容。包括单词的音标、词性、巧记、搭配和惯用法、英语释义、例句及译文、名词的单复数,典型考题等。 | |
| 461 | 0 | @12001 @a王长喜教育考试图书系列 |
| 510 | 1 | @aBreaking 90' of CET 4@iVocabulary@zeng |
| 606 | 0 | @a英语@x高等学校@j教学参考资料 |
| 606 | 0 | @a英语@x词汇@x高等学校@j教学参考资料 |
| 606 | 0 | @a英语 |
| 606 | 0 | @a词汇 |
| 690 | @aH310.42@v4 | |
| 690 | @aH313.1@v4 | |
| 701 | 0 | @a王长喜@Awang chang xi@4主编 |
| 712 | 02 | @a全国大学英语四级考试命题研究组@Aquan guo da xue ying yu si ji kao shi ming ti yan jiu zu@4主编 |
| 801 | 0 | @aCN@bNLC@c20101222 |
| 905 | @a10447@dH310.42@eJY429 | |
| 大学英语四级考试90分突破.词汇必备/王长喜主编/全国大学英语四级考试命题研究组主编.-3版.-北京:学苑出版社,2001 |
| 606页;20cm.-(王长喜教育考试图书系列) |
| 王长喜网络教学讲授课本 |
| ISBN 7-80060-306-7:CNY22.00 |
| 本书囊括所有四级考试词汇的内容。包括单词的音标、词性、巧记、搭配和惯用法、英语释义、例句及译文、名词的单复数,典型考题等。 |
| ● |
| 相关链接 |
|
|
|
|
正题名:大学英语四级考试90分突破
索取号:H310.42/JY429
 
预约/预借
| 序号 | 登录号 | 条形码 | 馆藏地/架位号 | 状态 | 备注 |
| 1 | 7821970 | 278219704 | 学院路分馆/ [索取号:H310.42/JY429] | 在馆 | |
| 2 | 7821971 | 278219713 | 学院路分馆/ [索取号:H310.42/JY429] | 在馆 | |
| 3 | 7821972 | 278219722 | 学院路分馆/ [索取号:H310.42/JY429] | 在馆 | |
| 4 | 7821973 | 278219731 | 学院路分馆/ [索取号:H310.42/JY429] | 在馆 |